000 00523nam a22001817a 4500
005 20140310183635.0
008 131126b xxu||||| |||| 00| 0 eng d
050 _aHF 5661
_b.R457 2010
100 _aReyes, Virgilio D.
245 _aThe new quizzer in taxation for CPA reviewers /
_cVirgilio D. Reyes
260 _aPhilippines :
_b[],
_c2010.
300 _avii, 315 p. :
_c26 cm.
521 _aBSA
650 _aAccounting
_xExaminations
650 _aTaxation
_xExaminations
942 _2lcc
_cBK
_kLOC
999 _c25694
_d25694